| 000 | 00526nam a2200181Ia 4500 | ||
|---|---|---|---|
| 999 |
_c21381 _d21381 |
||
| 003 | OSt | ||
| 005 | 20200624125318.0 | ||
| 008 | 190216s9999||||xx |||||||||||||| ||und|| | ||
| 020 | _a9788176494618 | ||
| 040 | _coclc | ||
| 082 |
_a954.05 _bGAN/U |
||
| 100 |
_a Ganguly, Sumit _93187 |
||
| 245 | 0 |
_aUnderstanding Contemporary India / _cSumit Ganguly ; Neil Devotta |
|
| 260 |
_bViva Books, _c2003. _aNew Delhi: |
||
| 300 | _a313p | ||
| 650 | _aHistory | ||
| 942 |
_cBK _2ddc _h954.05 _iGAN/U _k954.05 _mGAN/U |
||